Astronomical site evaluation in the visible and radio range (Record no. 15302)

MARC details
000 -LEADER
fixed length control field 01054nam a2200253Ia 4500
003 - CONTROL NUMBER IDENTIFIER
control field IN-BaIIA
008 - FIXED-LENGTH DATA ELEMENTS--GENERAL INFORMATION
fixed length control field 211028s9999 xx 000 0 eng d
020 ## - INTERNATIONAL STANDARD BOOK NUMBER
International Standard Book Number 1-58381-106-0
040 ## - CATALOGING SOURCE
Transcribing agency IIA Library
080 ## - UNIVERSAL DECIMAL CLASSIFICATION NUMBER
Universal Decimal Classification number 082.2:52
Item number ASP-266
111 ## - MAIN ENTRY--MEETING NAME
Meeting name or jurisdiction name as entry element Workshop on Astronomical Site Evaluation in the Visible and Radio Range
Location of meeting Moracco
Date of meeting or treaty signing 2000 Nov. 13-17
9 (RLIN) 28225
245 #0 - TITLE STATEMENT
Title Astronomical site evaluation in the visible and radio range
Remainder of title proceedings of a workshop held in Marrakech, Moracco, 13-17 Nov 2000
Statement of responsibility, etc. edited by J. Vernin, Z. Benkhaldoun and C. Munoz-Tunon
260 ## - PUBLICATION, DISTRIBUTION, ETC.
Place of publication, distribution, etc. San Francisco
Name of publisher, distributor, etc. Astronomical Society of the Pacific
Date of publication, distribution, etc. 2002
300 ## - PHYSICAL DESCRIPTION
Extent xxiv, 615p.
490 ## - SERIES STATEMENT
Series statement ASP conference series; v. 266
650 ## - SUBJECT ADDED ENTRY--TOPICAL TERM
Topical term or geographic name entry element Astroclimatic station
9 (RLIN) 28226
650 ## - SUBJECT ADDED ENTRY--TOPICAL TERM
Topical term or geographic name entry element Astronomical site evaluation
9 (RLIN) 28227
650 ## - SUBJECT ADDED ENTRY--TOPICAL TERM
Topical term or geographic name entry element Atmospheric turbulance
9 (RLIN) 28228
650 ## - SUBJECT ADDED ENTRY--TOPICAL TERM
Topical term or geographic name entry element GSM
9 (RLIN) 28229
700 ## - ADDED ENTRY--PERSONAL NAME
Personal name Benkhaldoun, Z., ed.
9 (RLIN) 28230
700 ## - ADDED ENTRY--PERSONAL NAME
Personal name Munoz-Tunon, C., ed.
9 (RLIN) 20090
700 ## - ADDED ENTRY--PERSONAL NAME
Personal name Vernin, J., ed.
9 (RLIN) 28231
942 ## - ADDED ENTRY ELEMENTS (KOHA)
Koha item type Books
Holdings
Withdrawn status Lost status Damaged status Not for loan Home library Current library Shelving location Date acquired Total Checkouts Full call number Barcode Date last seen Price effective from Koha item type
        IIA Library-Bangalore IIA Library-Bangalore General Stacks 01/08/2003   082.2:52/ ASP-266 16224 05/11/2021 01/08/2003 Books

Powered by Koha